Hướng dẫn trả lời câu hỏi và bài tập lịch sử THCS 7

Sách là tài liệu tham khảo giúp giáo viên, học sinh trung học cơ sở có thêm tư liệu để dạy và học tốt hơn bộ môn Lịch sử.

Đã lưu trong:
Sonraí Bibleagrafaíochta
Príomhúdar: Tạ, Thị Thuý Anh
Formáid: Leabhar
Teanga:Undetermined
Foilsithe: Hà Nội Đại học Quốc gia Hà Nội 2006
Ábhair:
Clibeanna: Cuir Clib Leis
Gan Chlibeanna, Bí ar an gcéad duine leis an taifead seo a chlibeáil!
Thư viện lưu trữ: Trung tâm Học liệu Trường Đại học Cần Thơ
LEADER 00826nam a2200217Ia 4500
001 CTU_116204
008 210402s9999 xx 000 0 und d
020 |c 16000 
082 |a 907 
082 |b A107/L.7 
100 |a Tạ, Thị Thuý Anh 
245 0 |a Hướng dẫn trả lời câu hỏi và bài tập lịch sử THCS 7 
245 0 |c Tạ Thị Thuý Anh 
260 |a Hà Nội 
260 |b Đại học Quốc gia Hà Nội 
260 |c 2006 
520 |a Sách là tài liệu tham khảo giúp giáo viên, học sinh trung học cơ sở có thêm tư liệu để dạy và học tốt hơn bộ môn Lịch sử. 
650 |a History 
650 |x Study and teaching 
904 |i Tuyến 
980 |a Trung tâm Học liệu Trường Đại học Cần Thơ